<?xml version="1.0" encoding="UTF-8"?>
<record
    xmlns:xsi="http://www.w3.org/2001/XMLSchema-instance"
    xsi:schemaLocation="http://www.loc.gov/MARC21/slim http://www.loc.gov/standards/marcxml/schema/MARC21slim.xsd"
    xmlns="http://www.loc.gov/MARC21/slim">

  <leader>00691nam a22002417a 4500</leader>
  <controlfield tag="003">dpl</controlfield>
  <controlfield tag="005">20180809143450.0</controlfield>
  <controlfield tag="008">180809b        xxu||||| |||| 00| 0 eng d</controlfield>
  <datafield tag="010" ind1=" " ind2=" ">
    <subfield code="a">A-838072</subfield>
  </datafield>
  <datafield tag="020" ind1=" " ind2=" ">
    <subfield code="c">7.00</subfield>
  </datafield>
  <datafield tag="035" ind1=" " ind2=" ">
    <subfield code="a">A-838072, A-838231, A-838213, A-838218, A-838211</subfield>
  </datafield>
  <datafield tag="037" ind1=" " ind2=" ">
    <subfield code="b">Cen Lib/Ret</subfield>
  </datafield>
  <datafield tag="040" ind1=" " ind2=" ">
    <subfield code="a">DPL</subfield>
    <subfield code="b">EN</subfield>
    <subfield code="c">0</subfield>
  </datafield>
  <datafield tag="082" ind1=" " ind2=" ">
    <subfield code="a">230.1</subfield>
    <subfield code="b">TIK</subfield>
  </datafield>
  <datafield tag="100" ind1=" " ind2=" ">
    <subfield code="a">Tikkoo, T. N.</subfield>
    <subfield code="9">91091</subfield>
  </datafield>
  <datafield tag="245" ind1=" " ind2=" ">
    <subfield code="a">The celestial flute /</subfield>
    <subfield code="c">by T. N. Tikkoo</subfield>
  </datafield>
  <datafield tag="260" ind1=" " ind2=" ">
    <subfield code="a">New Delhi</subfield>
    <subfield code="b">T. N. Tikkoo</subfield>
    <subfield code="c">1974</subfield>
  </datafield>
  <datafield tag="270" ind1=" " ind2=" ">
    <subfield code="a">K-4 Haus Khas</subfield>
    <subfield code="b">New Delhi</subfield>
    <subfield code="e">110016</subfield>
  </datafield>
  <datafield tag="300" ind1=" " ind2=" ">
    <subfield code="a">188p. </subfield>
    <subfield code="c">20cm(Hb)</subfield>
  </datafield>
  <datafield tag="650" ind1=" " ind2=" ">
    <subfield code="a">Hinduism</subfield>
    <subfield code="9">91092</subfield>
  </datafield>
  <datafield tag="650" ind1=" " ind2=" ">
    <subfield code="a">Mahabharat</subfield>
    <subfield code="9">91093</subfield>
  </datafield>
  <datafield tag="942" ind1=" " ind2=" ">
    <subfield code="2">ddc</subfield>
    <subfield code="c">EN</subfield>
    <subfield code="h">230.1</subfield>
    <subfield code="m">TIK</subfield>
  </datafield>
  <datafield tag="999" ind1=" " ind2=" ">
    <subfield code="c">125069</subfield>
    <subfield code="d">125069</subfield>
  </datafield>
  <datafield tag="952" ind1=" " ind2=" ">
    <subfield code="0">0</subfield>
    <subfield code="1">0</subfield>
    <subfield code="4">0</subfield>
    <subfield code="7">0</subfield>
    <subfield code="a">L</subfield>
    <subfield code="b">L</subfield>
    <subfield code="d">2015-06-19</subfield>
    <subfield code="e">Cen Lib/Ret</subfield>
    <subfield code="g">7.00</subfield>
    <subfield code="l">0</subfield>
    <subfield code="o">230.1 TIK</subfield>
    <subfield code="p">A-838072</subfield>
    <subfield code="r">2015-06-19 00:00:00</subfield>
    <subfield code="t">1</subfield>
    <subfield code="v">7.00</subfield>
    <subfield code="w">2015-06-19</subfield>
    <subfield code="y">EN</subfield>
  </datafield>
  <datafield tag="952" ind1=" " ind2=" ">
    <subfield code="0">0</subfield>
    <subfield code="1">0</subfield>
    <subfield code="4">0</subfield>
    <subfield code="7">0</subfield>
    <subfield code="a">L</subfield>
    <subfield code="b">L</subfield>
    <subfield code="d">2015-06-19</subfield>
    <subfield code="e">Cen Lib/Ret</subfield>
    <subfield code="g">7.00</subfield>
    <subfield code="l">0</subfield>
    <subfield code="o">230.1 TIK</subfield>
    <subfield code="p">A-838073</subfield>
    <subfield code="r">2015-06-19 00:00:00</subfield>
    <subfield code="t">2</subfield>
    <subfield code="v">7.00</subfield>
    <subfield code="w">2015-06-19</subfield>
    <subfield code="y">EN</subfield>
  </datafield>
  <datafield tag="952" ind1=" " ind2=" ">
    <subfield code="0">0</subfield>
    <subfield code="1">0</subfield>
    <subfield code="4">0</subfield>
    <subfield code="7">0</subfield>
    <subfield code="a">L</subfield>
    <subfield code="b">L</subfield>
    <subfield code="d">2015-06-19</subfield>
    <subfield code="e">Cen Lib/Ret</subfield>
    <subfield code="g">7.00</subfield>
    <subfield code="l">0</subfield>
    <subfield code="o">230.1 TIK</subfield>
    <subfield code="p">A-838075</subfield>
    <subfield code="r">2015-06-19 00:00:00</subfield>
    <subfield code="t">3</subfield>
    <subfield code="v">7.00</subfield>
    <subfield code="w">2015-06-19</subfield>
    <subfield code="y">EN</subfield>
  </datafield>
  <datafield tag="952" ind1=" " ind2=" ">
    <subfield code="0">0</subfield>
    <subfield code="1">0</subfield>
    <subfield code="4">0</subfield>
    <subfield code="7">0</subfield>
    <subfield code="a">L</subfield>
    <subfield code="b">L</subfield>
    <subfield code="d">2015-06-19</subfield>
    <subfield code="e">Cen Lib/Ret</subfield>
    <subfield code="g">7.00</subfield>
    <subfield code="l">0</subfield>
    <subfield code="o">230.1 TIK</subfield>
    <subfield code="p">A-838076</subfield>
    <subfield code="r">2015-06-19 00:00:00</subfield>
    <subfield code="t">4</subfield>
    <subfield code="v">7.00</subfield>
    <subfield code="w">2015-06-19</subfield>
    <subfield code="y">EN</subfield>
  </datafield>
  <datafield tag="952" ind1=" " ind2=" ">
    <subfield code="0">0</subfield>
    <subfield code="1">0</subfield>
    <subfield code="2">ddc</subfield>
    <subfield code="4">0</subfield>
    <subfield code="7">0</subfield>
    <subfield code="8">NFIC</subfield>
    <subfield code="a">BL4</subfield>
    <subfield code="b">BL4</subfield>
    <subfield code="d">2018-08-09</subfield>
    <subfield code="e">BPPD/PUB</subfield>
    <subfield code="g">7.00</subfield>
    <subfield code="l">0</subfield>
    <subfield code="o">230.1 TIK</subfield>
    <subfield code="p">A-838231</subfield>
    <subfield code="r">2018-08-09 00:00:00</subfield>
    <subfield code="v">7.00</subfield>
    <subfield code="w">2018-08-09</subfield>
    <subfield code="y">EN</subfield>
  </datafield>
  <datafield tag="952" ind1=" " ind2=" ">
    <subfield code="0">0</subfield>
    <subfield code="1">0</subfield>
    <subfield code="2">ddc</subfield>
    <subfield code="4">0</subfield>
    <subfield code="7">0</subfield>
    <subfield code="8">NFIC</subfield>
    <subfield code="a">BL4</subfield>
    <subfield code="b">BL4</subfield>
    <subfield code="d">2018-08-09</subfield>
    <subfield code="e">BPPD/PUB</subfield>
    <subfield code="g">7.00</subfield>
    <subfield code="l">0</subfield>
    <subfield code="o">230.1 TIK</subfield>
    <subfield code="p">A-838213</subfield>
    <subfield code="r">2018-08-09 00:00:00</subfield>
    <subfield code="v">7.00</subfield>
    <subfield code="w">2018-08-09</subfield>
    <subfield code="y">EN</subfield>
  </datafield>
  <datafield tag="952" ind1=" " ind2=" ">
    <subfield code="0">0</subfield>
    <subfield code="1">0</subfield>
    <subfield code="2">ddc</subfield>
    <subfield code="4">0</subfield>
    <subfield code="7">0</subfield>
    <subfield code="8">NFIC</subfield>
    <subfield code="a">BL4</subfield>
    <subfield code="b">BL4</subfield>
    <subfield code="d">2018-08-09</subfield>
    <subfield code="e">BPPD/PUB</subfield>
    <subfield code="g">7.00</subfield>
    <subfield code="l">0</subfield>
    <subfield code="o">230.1 TIK</subfield>
    <subfield code="p">A-838218</subfield>
    <subfield code="r">2018-08-09 00:00:00</subfield>
    <subfield code="v">7.00</subfield>
    <subfield code="w">2018-08-09</subfield>
    <subfield code="y">EN</subfield>
  </datafield>
  <datafield tag="952" ind1=" " ind2=" ">
    <subfield code="0">0</subfield>
    <subfield code="1">0</subfield>
    <subfield code="2">ddc</subfield>
    <subfield code="4">0</subfield>
    <subfield code="7">0</subfield>
    <subfield code="8">NFIC</subfield>
    <subfield code="a">BL4</subfield>
    <subfield code="b">BL4</subfield>
    <subfield code="d">2018-08-09</subfield>
    <subfield code="e">BPPD/PUB</subfield>
    <subfield code="g">7.00</subfield>
    <subfield code="l">0</subfield>
    <subfield code="o">230.1 TIK</subfield>
    <subfield code="p">A-838211</subfield>
    <subfield code="r">2018-08-09 00:00:00</subfield>
    <subfield code="v">7.00</subfield>
    <subfield code="w">2018-08-09</subfield>
    <subfield code="y">EN</subfield>
  </datafield>
</record>
